El mito de la inteligencia... / (Record no. 92824)

MARC details
000 -LEADER
campo de control de longitud fija 00505nam a2200169 i 4500
001 - NÚMERO DE CONTROL
campo de control 92824
003 - IDENTIFICADOR DE NÚMERO DE CONTROL
campo de control ES-MaACL
005 - FECHA Y HORA DE LA ÚLTIMA TRANSACCIÓN
campo de control 20230906181052.0
007 - CAMPO FIJO DE DESCRIPCIÓN FÍSICA--INFORMACIÓN GENERAL
campo de control de longitud fija t|
008 - DATOS DE LONGITUD FIJA--INFORMACIÓN GENERAL
campo de control de longitud fija 050328s1972 sp ||||1| spa d
100 1# - ENTRADA PRINCIPAL--NOMBRE DE PERSONA
Nombre de persona Liungman, Carl G.
9 (RLIN) 72589
245 13 - MENCIÓN DEL TÍTULO
Título El mito de la inteligencia... /
Mención de responsabilidad, etc. Carl G. Liungman; [traducción de Deerie Persson].
260 ## - PUBLICACIÓN, DISTRIBUCIÓN, ETC.
Lugar de publicación, distribución, etc. Barcelona :
Nombre del editor, distribuidor, etc. Martínez Roca,
Fecha de publicación, distribución, etc. 1972.
300 ## - DESCRIPCIÓN FÍSICA
Extensión 223 p. ;
Dimensiones 20 cm.
700 1# - ENTRADA AGREGADA--NOMBRE PERSONAL
Nombre de persona Persson, Deerie.
9 (RLIN) 91404
852 ## - LOCALIZACIÓN
Ubicación ES-MaACL
Número de control de estantería C-43542
Sublocalización o colección R.82535
Holdings
Estatus retirado Estado de pérdida Estado de daño No para préstamo Biblioteca de origen Biblioteca actual Ubicación en estantería Fecha de adquisición Fuente de adquisición Total de préstamos Signatura topográfica completa Código de barras Visto por última vez Precio de reemplazo Tipo de ítem Koha
        Biblioteca del Ateneo de Madrid Biblioteca del Ateneo de Madrid Depósito 2 17/01/2008     C-43542 1096903 23/02/2023 23/02/2023 Libro impreso